000 00344nam a22001337a 4500
082 _aP171
100 _aAyaz Masud.
_947973
245 _aComputer aided slab design program/
_bAyaz Masud, Nasir Ud Din.
260 _aMCE
_c2000.
526 _a0
_b0
_c0
_dP_000000000000000_171
650 _aProject.
700 _aIjaz.
_915308
942 _2ddc
_cBK
999 _c551038
_d551038